Normal view MARC view

Entry Personal Name

Number of records used in: 1

001 - CONTROL NUMBER

  • control field: 10543

003 - CONTROL NUMBER IDENTIFIER

  • control field: DLC

005 - DATE AND TIME OF LATEST TRANSACTION

  • control field: 20250528124035.0

008 - FIXED-LENGTH DATA ELEMENTS

  • fixed length control field: 081017n| azannaabn |a aaa

010 ## - LIBRARY OF CONGRESS CONTROL NUMBER

  • LC control number: n 2008208566

040 ## - CATALOGING SOURCE

  • Original cataloging agency: DLC
  • Language of cataloging: eng
  • Description conventions: rda
  • Transcribing agency: DLC
  • Modifying agency: DLC

100 1# - HEADING--PERSONAL NAME

  • Personal name: Subbarao, Duvvuri

400 0# - SEE FROM TRACING--PERSONAL NAME

  • Personal name: Duvvuri Subbarao

400 1# - SEE FROM TRACING--PERSONAL NAME

  • Personal name: Subbarao, D.
  • Fuller form of name: (Duvvuri)

670 ## - SOURCE DATA FOUND

  • Source citation: Rangarajan, C. The importance of being earnest about fiscal responsibility, 2007:
  • Information found: t.p. (Duvvuri Subbarao, Dr. D. Subbarao, formerly, secy. to the Prime Minister's Econ. Advisory Council, presently, finance secy., Govt. of India)

Powered by Koha